000
00269nam a22001217a 4500
008
181102b xxu||||| |||| 00| 0 eng d
041
_a
eng
080
_a
575
100
_a
9
101
_a
IMU
245
_a
Clinical Allergy & Immunology
_c
Altman,L.C
942
_2
udc
_c
BK
999
_c
51590
_d
51590